[Event "Pan American-ch U20"]
[Site "Asuncion"]
[Date "2025.06.19"]
[Round "9"]
[White "Ticona Rocabado, Licael Roderick"]
[Black "Tang, Zoey"]
[Result "0-1"]
[WhiteElo "2359"]
[BlackElo "2356"]
[PlyCount "88"]
[EventDate "2025.06.14"]
[EventType "swiss"]
[EventRounds "9"]
[EventCountry "PAR"]
[SourceTitle "CB26_2025"]
[SourceDate "2025.06.25"]
[SourceVersion "1"]
[SourceVersionDate "2025.06.25"]
[SourceQuality "1"]

1. d4 Nf6 2. c4 g6 3. Nc3 Bg7 4. e4 d6 5. f3 c5 6. Nge2 Nc6 7. Be3 Qa5 8. Qd2 0-0 9. g3 a6 10. Bg2 b5 11. dxc5 dxc5 12. Nd5 Qxd2+ 13. Bxd2 bxc4 14. Nb6 Rb8 15. Nxc4 Be6 16. Rc1 Bxc4 17. Rxc4 Ne5 18. Rc2 Nd3+ 19. Kf1 Rxb2 20. Rxb2 Nxb2 21. e5 Nd5 22. f4 Rd8 23. Nc3 Nxc3 24. Bxc3 Na4 25. Ba5 Rb8 26. Bd5 Rb5 27. Bd8 Rb2 28. Bxe7 Nb6 29. Be4 Bf8 30. Bf6 Rxa2 31. h4 Nc4 32. Ke1 Ne3 33. e6 fxe6 34. h5 c4 35. Bc3 Bg7 36. Bd2 Nf5 37. Rh3 c3 38. Bc1 Ra1 39. Kd1 Ne3+ 40. Ke2 Rxc1 41. Kxe3 Re1+ 42. Kf3 Rxe4 43. Kxe4 c2 44. Rh1 Bb2 0-1

[Event "Pan American-ch U20"]
[Site "Asuncion"]
[Date "2025.06.16"]
[Round "5"]
[White "Reyes Zavaleta, Fabian Ricardo"]
[Black "Tang, Zoey"]
[Result "1/2-1/2"]
[WhiteElo "2314"]
[BlackElo "2356"]
[PlyCount "85"]
[EventDate "2025.06.14"]
[EventType "swiss"]
[EventRounds "9"]
[EventCountry "PAR"]
[SourceTitle "CB26_2025"]
[SourceDate "2025.06.25"]
[SourceVersion "1"]
[SourceVersionDate "2025.06.25"]
[SourceQuality "1"]

1. d4 Nf6 2. c4 e6 3. g3 c5 4. d5 exd5 5. cxd5 d6 6. Nc3 g6 7. Bg2 Bg7 8. Nf3 0-0 9. 0-0 Re8 10. Bf4 Bf5 11. Nd2 Nh5 12. e4 Nxf4 13. gxf4 Bc8 14. Nc4 a6 15. a4 Qc7 16. a5 Nd7 17. e5 dxe5 18. d6 Qd8 19. Nd5 Rb8 20. fxe5 Nxe5 21. Ne7+ Rxe7 22. dxe7 Qxe7 23. Re1 Qc7 24. Qd6 Qxd6 25. Nxd6 Be6 26. Red1 Bb3 27. Rd2 c4 28. Be4 Rf8 29. f4 Ng4 30. Rc1 Rd8 31. Bxb7 Bxb2 32. Rxb2 Rxd6 33. Re2 h5 34. h3 Nf6 35. Re5 h4 36. Bf3 Rd4 37. Bb7 Rd6 38. Bf3 Rd3 39. Kf2 Rd2+ 40. Re2 Rd4 41. Re5 Rd2+ 42. Re2 Rd4 43. Re5 1/2-1/2

[Event "Pan American-ch U20"]
[Site "Asuncion"]
[Date "2025.06.15"]
[Round "3"]
[White "Sathish, Pranav"]
[Black "Tang, Zoey"]
[Result "1/2-1/2"]
[WhiteElo "2341"]
[BlackElo "2356"]
[PlyCount "133"]
[EventDate "2025.06.14"]
[EventType "swiss"]
[EventRounds "9"]
[EventCountry "PAR"]
[SourceTitle "CB26_2025"]
[SourceDate "2025.06.25"]
[SourceVersion "1"]
[SourceVersionDate "2025.06.25"]
[SourceQuality "1"]

1. e4 c5 2. Nf3 d6 3. d4 cxd4 4. Nxd4 Nf6 5. Nc3 Nc6 6. Bg5 Bd7 7. Qd2 a6 8. 0-0-0 e6 9. f3 Nxd4 10. Qxd4 Be7 11. Kb1 Bc6 12. h4 h6 13. Be3 h5 14. e5 dxe5 15. Qxe5 Qb8 16. Qxb8+ Rxb8 17. Bf4 Rc8 18. Be2 0-0 19. Bg5 Rfe8 20. Rhe1 b5 21. a3 Bb7 22. Rd3 Bc6 23. Rdd1 Bb7 24. Rd3 Nd5 25. Bxe7 Rxe7 26. Nxd5 exd5 27. Kc1 Rce8 28. Kd1 b4 29. Rd2 Bc6 30. Rf1 a5 31. axb4 axb4 32. Bd3 Kf8 33. Rdf2 Ra7 34. Kd2 Ra2 35. b3 Bd7 36. g4 Re7 37. Rg1 Be6 38. gxh5 d4 39. Rfg2 f6 40. h6 gxh6 41. Rg6 Bxb3 42. Rxf6+ Rf7 43. Rxf7+ Bxf7 44. Rg4 b3 45. Rxd4 bxc2 46. Rf4 Ra1 47. Bxc2 Kg7 48. Be4 Ra3 49. Bd3 Bh5 50. Be4 Bf7 51. Ke2 Bc4+ 52. Kf2 Bf7 53. Rg4+ Kf6 54. Rg1 Bh5 55. Rb1 Ra6 56. Rg1 Ra3 57. Rg8 Bf7 58. Rh8 h5 59. Rh6+ Kg7 60. Rd6 Ra1 61. Kg2 Ra2+ 62. Kh3 Ra1 63. Rb6 Rh1+ 64. Kg3 Rg1+ 65. Kf4 Rh1 66. Rb7 Kf6 67. Rb6+ 1/2-1/2

[Event "Las Vegas National op"]
[Site "Las Vegas"]
[Date "2025.06.07"]
[Round "7"]
[White "Pierrot, Juan Facundo"]
[Black "Tang, Zoey"]
[Result "1/2-1/2"]
[WhiteElo "2253"]
[BlackElo "2356"]
[PlyCount "65"]
[EventDate "2025.06.04"]
[EventType "swiss"]
[EventRounds "9"]
[EventCountry "USA"]
[SourceTitle "CB24_2025"]
[SourceDate "2025.06.11"]
[SourceVersion "1"]
[SourceVersionDate "2025.06.11"]
[SourceQuality "1"]

1. d4 Nf6 2. c4 e6 3. Nc3 Bb4 4. Qc2 0-0 5. a3 Bxc3+ 6. Qxc3 d6 7. Nf3 b6 8. g3 Bb7 9. Bg2 Nbd7 10. 0-0 Qe7 11. b4 c5 12. Bb2 Rac8 13. Rfd1 Rfd8 14. dxc5 bxc5 15. b5 Nb6 16. a4 d5 17. cxd5 exd5 18. Qe5 Qf8 19. Nd2 Ba8 20. a5 Nbd7 21. Qf4 d4 22. Bxa8 Rxa8 23. Nc4 Rab8 24. Ba3 Nd5 25. Qf3 Nc3 26. Rxd4 Nxb5 27. Rd5 Nxa3 28. Qxa3 Qe7 29. Rad1 Nf8 30. Rxd8 Rxd8 31. Rxd8 Qxd8 32. Qxc5 Qd1+ 33. Kg2 1/2-1/2

[Event "Las Vegas National op"]
[Site "Las Vegas"]
[Date "2025.06.06"]
[Round "5"]
[White "Cordova, Emilio"]
[Black "Tang, Zoey"]
[Result "1/2-1/2"]
[WhiteElo "2516"]
[BlackElo "2356"]
[PlyCount "27"]
[EventDate "2025.06.04"]
[EventType "swiss"]
[EventRounds "9"]
[EventCountry "USA"]
[SourceTitle "CB24_2025"]
[SourceDate "2025.06.11"]
[SourceVersion "1"]
[SourceVersionDate "2025.06.11"]
[SourceQuality "1"]

1. Nf3 d5 2. d4 Nf6 3. c3 g6 4. g3 Bg7 5. Bg2 0-0 6. 0-0 c6 7. Nbd2 Bf5 8. Re1 Nbd7 9. h3 h5 10. Nh4 Be6 11. Nhf3 Bf5 12. Nh4 Be6 13. Nhf3 Bf5 14. Nh4 1/2-1/2

[Event "Las Vegas National op"]
[Site "Las Vegas"]
[Date "2025.06.05"]
[Round "2"]
[White "Bagdasarian, Ararat"]
[Black "Tang, Zoey"]
[Result "0-1"]
[WhiteElo "1927"]
[BlackElo "2356"]
[PlyCount "66"]
[EventDate "2025.06.04"]
[EventType "swiss"]
[EventRounds "9"]
[EventCountry "USA"]
[SourceTitle "CB24_2025"]
[SourceDate "2025.06.11"]
[SourceVersion "1"]
[SourceVersionDate "2025.06.11"]
[SourceQuality "1"]

1. Nf3 d5 2. g3 b6 3. Bg2 Bb7 4. d4 e6 5. 0-0 Nd7 6. c4 dxc4 7. Qa4 Ngf6 8. Qxc4 c5 9. Nc3 a6 10. dxc5 Bxc5 11. Bg5 h6 12. Bf4 0-0 13. Rad1 Qe7 14. Ne5 b5 15. Qb3 Bxg2 16. Kxg2 Nb6 17. Nd3 Qb7+ 18. Kg1 Be7 19. Rc1 Rac8 20. Rfd1 Nc4 21. a3 Ne4 22. Ne5 Nxe5 23. Bxe5 Bc5 24. Bd4 Ng5 25. h4 Nh3+ 26. Kh2 Nxf2 27. Bxc5 Rxc5 28. Rf1 Ng4+ 29. Kg1 Rfc8 30. Qb4 Rc4 31. Qd6 Qa7+ 32. Kh1 Rd4 33. Nxb5 Qa8+ 0-1

[Event "Las Vegas National op"]
[Site "Las Vegas"]
[Date "2025.06.05"]
[Round "3"]
[White "Tang, Zoey"]
[Black "Flom, Gabriel"]
[Result "0-1"]
[WhiteElo "2356"]
[BlackElo "2452"]
[PlyCount "108"]
[EventDate "2025.06.04"]
[EventType "swiss"]
[EventRounds "9"]
[EventCountry "USA"]
[SourceTitle "CB24_2025"]
[SourceDate "2025.06.11"]
[SourceVersion "1"]
[SourceVersionDate "2025.06.11"]
[SourceQuality "1"]

1. d4 Nf6 2. c4 g6 3. Nc3 c5 4. d5 d6 5. e4 Bg7 6. Nf3 0-0 7. h3 e6 8. Bd3 exd5 9. exd5 Re8+ 10. Be3 Rxe3+ 11. fxe3 Qe7 12. Qe2 Nbd7 13. 0-0 b6 14. Qf2 Ne5 15. Nxe5 Qxe5 16. a4 a5 17. Rae1 Ba6 18. Qf3 Qe7 19. b3 Nd7 20. Nb1 Ne5 21. Qe2 Re8 22. Nd2 Bc8 23. Bc2 Nd7 24. Qd3 Qh4 25. Nf3 Qg3 26. Qd2 Nf6 27. Qf2 Nh5 28. Ng5 f5 29. Qxg3 Nxg3 30. Rf3 Be5 31. Rxg3 Bxg3 32. Re2 Bf4 33. Ne4 Be5 34. Nd2 Kg7 35. Kf2 g5 36. Nf3 Kf6 37. g3 h5 38. Re1 Bc3 39. Rd1 f4 40. gxf4 gxf4 41. exf4 Bxh3 42. Rd3 Bb2 43. Rd1 Bg4 44. Rg1 Bd4+ 45. Nxd4 cxd4 46. Bd1 Kf5 47. Kg3 Re3+ 48. Kf2 Kxf4 49. Bxg4 hxg4 50. Rd1 g3+ 51. Kg2 Re2+ 52. Kf1 Rf2+ 53. Kg1 Ke3 54. Re1+ Re2 0-1

[Event "North American op 34th"]
[Site "Las Vegas"]
[Date "2024.12.29"]
[Round "7"]
[White "Tang, Zoey"]
[Black "Golubka, Petr"]
[Result "1/2-1/2"]
[WhiteElo "2306"]
[BlackElo "2341"]
[PlyCount "92"]
[EventDate "2024.12.26"]
[EventType "swiss"]
[EventRounds "9"]
[EventCountry "USA"]
[SourceTitle "CB02_2025"]
[SourceDate "2025.01.08"]
[SourceVersion "1"]
[SourceVersionDate "2025.01.08"]
[SourceQuality "1"]

1. d4 d5 2. c4 e6 3. Nc3 Nf6 4. cxd5 exd5 5. Bg5 Bb4 6. e3 h6 7. Bh4 g5 8. Bg3 h5 9. Bd3 h4 10. Be5 Nc6 11. Qb3 Rh6 12. h3 Ne4 13. Bh2 Bf5 14. Qc2 Qd7 15. Nf3 Ba5 16. a3 Nxc3 17. bxc3 Bxd3 18. Qxd3 g4 19. hxg4 Qxg4 20. Bf4 Rh5 21. 0-0-0 h3 22. Nh2 Qe6 23. g4 Rh8 24. Rdg1 0-0-0 25. Nf3 Rdg8 26. g5 Ne7 27. Qb5 Bb6 28. Qd3 Ng6 29. Rg3 c6 30. Ne5 Rh4 31. Nxg6 fxg6 32. Qf1 Rgh8 33. Be5 R8h7 34. f4 Qf5 35. Kb2 Bc7 36. Bxc7 Kxc7 37. Qb1 Qe6 38. Qc2 h2 39. Rg2 Qe4 40. Qf2 Kb6 41. Rhxh2 Rxh2 42. Rxh2 Rxh2 43. Qxh2 Qxe3 44. a4 Ka5 45. Qh7 Qd2+ 46. Kb3 Qd1+ 1/2-1/2

[Event "North American-ch UNN"]
[Site "Dulles"]
[Date "2024.12.23"]
[Round "9"]
[White "Tang, Zoey"]
[Black "Sammons, Evan"]
[Result "0-1"]
[WhiteElo "2306"]
[BlackElo "2118"]
[PlyCount "112"]
[EventDate "2024.12.18"]
[EventType "swiss"]
[EventRounds "9"]
[EventCountry "USA"]
[SourceTitle "CB02_2025"]
[SourceDate "2025.01.08"]
[SourceVersion "1"]
[SourceVersionDate "2025.01.08"]
[SourceQuality "1"]

1. d4 Nf6 2. c4 e6 3. Nf3 d5 4. Nc3 c5 5. cxd5 cxd4 6. Qxd4 exd5 7. Bg5 Be7 8. e3 0-0 9. Be2 h6 10. Bh4 Nc6 11. Qd1 Qb6 12. a3 Be6 13. 0-0 Rfd8 14. b4 a6 15. Nd4 Nxd4 16. exd4 Qa7 17. Qd3 b6 18. Rac1 Qd7 19. Rfe1 Rdc8 20. Bf3 a5 21. Qb1 axb4 22. axb4 Ne4 23. Bxe4 Bxh4 24. Bd3 Bg5 25. Rc2 g6 26. Nd1 Rxc2 27. Bxc2 Kg7 28. Nb2 Bf6 29. Qd1 Bf5 30. Bxf5 Qxf5 31. Na4 Rb8 32. Qd2 Qd7 33. Nb2 Qg4 34. f4 Rc8 35. Rf1 Qf5 36. Qe3 Qc2 37. Nd3 Rc3 38. Ne1 Qb3 39. Qf2 Qxb4 40. Nf3 Rd3 41. f5 g5 42. Qe2 Rb3 43. Kh1 Rb2 44. Qd1 b5 45. h4 Qb3 46. hxg5 hxg5 47. Qc1 Rc2 48. Qd1 Qc3 49. Nxg5 Bxg5 50. f6+ Kg6 51. Qg4 Qd3 52. Rf3 Qe4 53. Qd7 Qh4+ 54. Rh3 Rc1+ 55. Kh2 Qf4+ 56. Rg3 Rc3 0-1

[Event "North American-ch UNN"]
[Site "Dulles"]
[Date "2024.12.20"]
[Round "4"]
[White "Das, Aditeya"]
[Black "Tang, Zoey"]
[Result "1-0"]
[WhiteElo "2232"]
[BlackElo "2306"]
[PlyCount "167"]
[EventDate "2024.12.18"]
[EventType "swiss"]
[EventRounds "9"]
[EventCountry "USA"]
[SourceTitle "CB02_2025"]
[SourceDate "2025.01.08"]
[SourceVersion "1"]
[SourceVersionDate "2025.01.08"]
[SourceQuality "1"]

1. e4 c5 2. Nf3 Nc6 3. d4 cxd4 4. Nxd4 Nf6 5. Nc3 d6 6. Bg5 Bd7 7. Qd2 Rc8 8. 0-0-0 Nxd4 9. Qxd4 Qa5 10. Be3 a6 11. f3 g6 12. Kb1 Bg7 13. Qd2 b5 14. Bd4 b4 15. Nd5 Nxd5 16. exd5 e5 17. dxe6 Bxe6 18. b3 Bxd4 19. Qxd4 0-0 20. Bd3 Bf5 21. Bxf5 Qxf5 22. Rd2 a5 23. Qxd6 Rfe8 24. Rhd1 Rc3 25. Qd5 Re5 26. Qd8+ Kg7 27. Qd4 Kg8 28. g4 Qe6 29. f4 Re4 30. Qd8+ Kg7 31. f5 Qf6 32. Qxa5 Rxg4 33. fxg6 hxg6 34. a3 Rc6 35. a4 Re4 36. Qd5 Rf4 37. Qb5 Rb6 38. Qd3 Rc6 39. Re2 Kh7 40. Qd8 Qc3 41. Qg5 Rd6 42. Rc1 Rdf6 43. Qg3 Rf3 44. Qh4+ Kg7 45. Qe1 Qc5 46. Re5 Qd6 47. Rd1 Qc7 48. Re2 Qc5 49. Qg1 Qh5 50. Red2 R3f4 51. Rd4 Rf2 52. R4d2 R2f4 53. Qa7 Qe5 54. Ka2 Qc3 55. Qg1 Qc6 56. Qg2 Qc3 57. Rd3 Qc5 58. R3d2 Qc3 59. Qe2 Qc5 60. Qd3 Qc6 61. Rc1 Qc5 62. Qd5 Qe3 63. Qd3 Qc5 64. Kb1 Qb6 65. Re1 Qc6 66. Kb2 Qc5 67. Qe3 Qc6 68. Rd4 Re6 69. Rxf4 Rxe3 70. Rxe3 Qd6 71. Ref3 f5 72. h4 Qe5+ 73. Ka2 Qe1 74. Rf2 Kh6 75. Rg2 Kh5 76. Rc4 Qh1 77. Rg5+ Kh6 78. Rxb4 Qh2 79. Rc4 f4 80. Rc6 f3 81. Rgxg6+ Kh7 82. Rgf6 Qe2 83. Rfe6 Qh2 84. Re7+ 1-0

[Event "American Continental (Women) 15th"]
[Site "Santo Domingo"]
[Date "2024.11.26"]
[Round "4"]
[White "Pachon Gutierrez, Adriana Paola"]
[Black "Tang, Zoey"]
[Result "0-1"]
[WhiteElo "2042"]
[BlackElo "2306"]
[PlyCount "64"]
[EventDate "2024.11.24"]
[EventType "swiss"]
[EventRounds "9"]
[EventCountry "DOM"]
[SourceTitle "CB49_2024"]
[SourceDate "2024.12.04"]
[SourceVersion "1"]
[SourceVersionDate "2024.12.04"]
[SourceQuality "1"]

1. d4 Nf6 2. c4 e6 3. Nf3 d5 4. Nc3 c6 5. Bg5 h6 6. Bxf6 Qxf6 7. Qc2 Nd7 8. cxd5 exd5 9. e3 Bd6 10. Bd3 0-0 11. 0-0 Qe7 12. Rac1 Nf6 13. a3 a5 14. Bf5 Re8 15. Bxc8 Raxc8 16. Na4 Ne4 17. Nb6 Rcd8 18. h3 Bb8 19. Rfd1 Qc7 20. Na4 Ng5 21. Nxg5 Qh2+ 22. Kf1 hxg5 23. Qf5 Rd6 24. Qg4 Rf6 25. Ke2 Re4 26. Qc8+ Kh7 27. Nc5 Qxg2 28. Nxe4 dxe4 29. Rf1 Bg3 30. Qg4 Rxf2+ 31. Rxf2 Qxf2+ 32. Kd1 Qf1+ 0-1

[Event "Titled Tuesday intern op 26th Nov Late"]
[Site "Chess.com INT"]
[Date "2024.11.26"]
[Round "10"]
[White "Tang, Zoey"]
[Black "Antunes, Luciano Justi"]
[Result "1-0"]
[WhiteElo "2306"]
[BlackElo "2045"]
[PlyCount "99"]
[EventDate "2024.11.26"]
[EventType "swiss (blitz)"]
[EventRounds "11"]
[EventCountry "USA"]
[SourceTitle "CB49_2024"]
[SourceDate "2024.12.04"]
[SourceVersion "1"]
[SourceVersionDate "2024.12.04"]
[SourceQuality "1"]

1. e4 c5 2. Nf3 Nc6 3. d4 cxd4 4. Nxd4 Nf6 5. Nc3 e5 6. Ndb5 d6 7. Bg5 a6 8. Na3 b5 9. Nd5 Qa5+ 10. Bd2 Qd8 11. Bg5 Qa5+ 12. Bd2 Qd8 13. Nxf6+ Qxf6 14. Bd3 Qg6 15. 0-0 Be7 16. c4 bxc4 17. Nxc4 0-0 18. Kh1 Be6 19. f4 Bxc4 20. Bxc4 exf4 21. Bxf4 Ne5 22. Bxe5 dxe5 23. Qd7 Bf6 24. Bd5 Rab8 25. b3 h5 26. Rac1 h4 27. Rc7 Rb4 28. a3 Rxe4 29. Bxe4 Qxe4 30. Qc6 Qd3 31. Qc4 Qd2 32. Qc2 Qd5 33. Rd1 Qa8 34. Qc6 Qb8 35. Rb7 Qa8 36. Rb6 Qa7 37. Rxa6 Qe3 38. Qf3 Qg5 39. b4 Rc8 40. Ra8 Rxa8 41. Qxa8+ Kh7 42. Qe4+ g6 43. b5 h3 44. b6 hxg2+ 45. Qxg2 Qe3 46. b7 Qb6 47. Qh3+ Kg7 48. Qf3 Qb2 49. Rf1 e4 50. Qxf6+ 1-0

[Event "Titled Tuesday intern op 26th Nov Late"]
[Site "Chess.com INT"]
[Date "2024.11.26"]
[Round "3"]
[White "Tang, Zoey"]
[Black "Arabidze, Meri"]
[Result "0-1"]
[WhiteElo "2306"]
[BlackElo "2457"]
[PlyCount "94"]
[EventDate "2024.11.26"]
[EventType "swiss (blitz)"]
[EventRounds "11"]
[EventCountry "USA"]
[SourceTitle "CB49_2024"]
[SourceDate "2024.12.04"]
[SourceVersion "1"]
[SourceVersionDate "2024.12.04"]
[SourceQuality "1"]

1. e4 e5 2. Nf3 Nc6 3. Bb5 a6 4. Ba4 Nf6 5. 0-0 d6 6. Qe2 Bd7 7. c3 Be7 8. Rd1 0-0 9. d4 b5 10. Bb3 Qc8 11. h3 h6 12. Kh2 Re8 13. dxe5 dxe5 14. a4 Rb8 15. axb5 axb5 16. Nbd2 Bc5 17. Nf1 Nh5 18. Ng3 Nxg3 19. fxg3 Be6 20. Bxe6 Qxe6 21. Be3 Bxe3 22. Qxe3 b4 23. Rd5 Rb6 24. c4 b3 25. Ra3 Reb8 26. Ra4 f6 27. Qd2 Kh7 28. Ra1 Nb4 29. Rd7 Qxc4 30. Rc1 Nc2 31. Qf2 Qxe4 32. Rxc7 R6b7 33. Rxb7 Rxb7 34. Nd2 Qd3 35. Nxb3 Rxb3 36. Qxc2 Qxc2 37. Rxc2 h5 38. g4 h4 39. Kg1 Kg6 40. Kf2 Kg5 41. Ke2 Kf4 42. Kf1 e4 43. Rf2+ Ke3 44. Re2+ Kd3 45. Ke1 e3 46. Kd1 Rb7 47. Kc1 Kxe2 0-1

[Event "American Continental (Women) 15th"]
[Site "Santo Domingo"]
[Date "2024.11.26"]
[Round "5"]
[White "Tang, Zoey"]
[Black "Cervantes Landeiro, Thalia"]
[Result "1-0"]
[WhiteElo "2306"]
[BlackElo "2307"]
[PlyCount "105"]
[EventDate "2024.11.24"]
[EventType "swiss"]
[EventRounds "9"]
[EventCountry "DOM"]
[SourceTitle "CB49_2024"]
[SourceDate "2024.12.04"]
[SourceVersion "1"]
[SourceVersionDate "2024.12.04"]
[SourceQuality "1"]

1. d4 d5 2. c4 e6 3. Nc3 c5 4. cxd5 exd5 5. Nf3 Nf6 6. Bg5 Be6 7. e3 c4 8. Be2 Bb4 9. 0-0 0-0 10. Ne5 Nc6 11. f4 Bxc3 12. bxc3 Ne7 13. Bf3 Nf5 14. Qe1 h6 15. Bxf6 gxf6 16. Ng4 h5 17. Nf2 Ng7 18. e4 Re8 19. Qd2 f5 20. e5 Qa5 21. a3 b5 22. Nh3 Qb6 23. Ng5 a5 24. Rab1 Rab8 25. Qf2 b4 26. Qh4 b3 27. Bxh5 Nxh5 28. Qxh5 Kf8 29. Qh4 Ke7 30. Nxe6+ Kxe6 31. Qf6+ Kd7 32. Qxf7+ Kc6 33. a4 Qd8 34. Qxf5 Rb6 35. Rf3 Kb7 36. Rg3 Re7 37. Qg5 Qe8 38. f5 Rc7 39. Qg8 Qxa4 40. Qxd5+ Ka7 41. Rg8 Rcb7 42. Qd8 Rb8 43. Rg7+ Ka6 44. Qc7 R8b7 45. Qc8 Ka7 46. Rxb7+ Rxb7 47. Qc5+ Rb6 48. e6 Qa2 49. Re1 b2 50. e7 Qa4 51. Qc7+ Rb7 52. e8Q Qa1 53. Qeb8+ 1-0

[Event "American Continental (Women) 15th"]
[Site "Santo Domingo"]
[Date "2024.11.25"]
[Round "3"]
[White "Tang, Zoey"]
[Black "Gomez Barrera, Javiera Belen"]
[Result "1/2-1/2"]
[WhiteElo "2306"]
[BlackElo "2174"]
[PlyCount "139"]
[EventDate "2024.11.24"]
[EventType "swiss"]
[EventRounds "9"]
[EventCountry "DOM"]
[SourceTitle "CB49_2024"]
[SourceDate "2024.12.04"]
[SourceVersion "1"]
[SourceVersionDate "2024.12.04"]
[SourceQuality "1"]

1. d4 Nf6 2. c4 g6 3. Nc3 Bg7 4. e4 d6 5. Be2 0-0 6. Be3 Na6 7. h3 e5 8. d5 c6 9. Nf3 Bd7 10. 0-0 c5 11. Nd2 Ne8 12. Rb1 f5 13. f3 f4 14. Bf2 g5 15. a3 Rf6 16. b4 b6 17. Re1 Rg6 18. Nf1 h5 19. Nh2 Nf6 20. Rb2 Bh6 21. Nb5 Qe7 22. Qa4 Nc7 23. bxc5 Nxb5 24. cxb5 dxc5 25. Rd1 Ne8 26. Qb3 Nd6 27. a4 Kh8 28. a5 Rag8 29. Qc2 Qe8 30. Rdb1 Bg7 31. axb6 axb6 32. Qa4 Bf6 33. Ra2 Bd8 34. Be1 Nf7 35. Qd1 Nh6 36. Rb3 Be7 37. Ra7 Bd6 38. Qc2 Qc8 39. Kh1 R6g7 40. Ra6 Qd8 41. Qc4 Bc8 42. Ra8 Qc7 43. Rba3 Bb7 44. Rxg8+ Nxg8 45. Bc3 Nf6 46. Bd2 Rg8 47. Bc3 Bc8 48. Be1 Bd7 49. Bd2 Qc8 50. Be1 Qc7 51. Bd2 Qc8 52. Be1 Qb7 53. Ra6 Qc7 54. Qa2 Bc8 55. Ra7 Bb7 56. Ra3 Bc8 57. Ra7 Bb7 58. Ra4 Bc8 59. Ra8 Bb7 60. Ra7 Qc8 61. Ra3 Qc7 62. Bc4 Rg7 63. Be2 Kh7 64. Qc2 Bc8 65. Bd1 Bd7 66. Qc4 Bc8 67. Be2 Bd7 68. Bd1 Bc8 69. Be2 Bd7 70. Bd1 1/2-1/2

[Event "Seattle PNWCC IM 10"]
[Site "Seattle"]
[Date "2024.10.12"]
[Round "3"]
[White "Song, Ethan"]
[Black "Tang, Zoey"]
[Result "0-1"]
[WhiteElo "2313"]
[BlackElo "2261"]
[PlyCount "86"]
[EventDate "2024.10.11"]
[EventType "tourn"]
[EventRounds "9"]
[EventCountry "USA"]
[EventCategory "2"]
[SourceTitle "CB44_2024"]
[Source "Chessbase"]
[SourceDate "2024.10.30"]
[SourceVersion "1"]
[SourceVersionDate "2024.10.30"]
[SourceQuality "1"]

1. e4 c5 2. Nf3 Nc6 3. Bb5 e6 4. 0-0 Nge7 5. Re1 a6 6. Bf1 d5 7. exd5 Nxd5 8. d4 Nf6 9. Be3 cxd4 10. Nxd4 Bd7 11. c4 Qc7 12. Nxc6 Bxc6 13. Nc3 Be7 14. h3 0-0 15. a3 Rfd8 16. Qc2 Rac8 17. Rac1 h6 18. Na4 Nd7 19. b4 Bg5 20. Nc3 Nf6 21. Bxg5 hxg5 22. Re3 g4 23. h4 Qf4 24. Rce1 Qh6 25. Ne2 Qxh4 26. Ng3 g6 27. Bd3 Kg7 28. Qc3 Rh8 29. Kf1 Rcd8 30. Be4 Kg8 31. Bxc6 bxc6 32. Re5 Nh5 33. R5e4 Qg5 34. Qe3 Nxg3+ 35. fxg3 Rh1+ 36. Ke2 Rxe1+ 37. Kxe1 Qf6 38. Re5 Qh8 39. Kf2 Rd1 40. Qc3 Qf6+ 41. Ke3 Qf1 42. Re4 Re1+ 43. Kd4 Qf6+ 0-1

[Event "Seattle PNWCC IM 10"]
[Site "Seattle"]
[Date "2024.10.11"]
[Round "1"]
[White "Kona, Vidip"]
[Black "Tang, Zoey"]
[Result "0-1"]
[WhiteElo "2125"]
[BlackElo "2261"]
[PlyCount "164"]
[EventDate "2024.10.11"]
[EventType "tourn"]
[EventRounds "9"]
[EventCountry "USA"]
[EventCategory "2"]
[SourceTitle "CB44_2024"]
[Source "Chessbase"]
[SourceDate "2024.10.30"]
[SourceVersion "1"]
[SourceVersionDate "2024.10.30"]
[SourceQuality "1"]

1. Nf3 d5 2. c4 e6 3. b3 d4 4. e3 c5 5. exd4 cxd4 6. d3 Nc6 7. g3 Nf6 8. a3 a5 9. Bg2 Bd6 10. 0-0 0-0 11. Bg5 h6 12. Bxf6 Qxf6 13. Nbd2 Qe7 14. Qc1 e5 15. Ne4 Bc7 16. c5 Be6 17. Rb1 Bd5 18. Nh4 Qe6 19. b4 axb4 20. axb4 f5 21. Nd2 Ne7 22. Re1 Kh7 23. Nc4 e4 24. dxe4 fxe4 25. Bxe4+ Bxe4 26. Nd2 Qf7 27. Nxe4 Nd5 28. Qc2 Kg8 29. Re2 Rad8 30. Qd3 Be5 31. b5 Nc3 32. Nxc3 dxc3 33. Qe4 Bd4 34. Ng6 Bxf2+ 35. Kg2 Rde8 36. Ne7+ Rxe7 37. Qxe7 Qf3+ 38. Kh3 Qh5+ 39. Kg2 Qf3+ 40. Kh3 Qf5+ 41. Kg2 Bxc5 42. Qe4 Qxe4+ 43. Rxe4 Rf2+ 44. Kh3 c2 45. Ra1 Kh7 46. Rc4 Be3 47. Re1 Bg5 48. Rc7 h5 49. Rc5 Kh6 50. Re6+ g6 51. Re1 Bd2 52. Rh1 Bb4 53. Rc4 Ba3 54. g4 Rd2 55. Ra1 Bd6 56. gxh5 Rd1 57. Ra7 c1Q 58. Rxc1 Rxc1 59. Rxb7 Kxh5 60. Rd7 Bf4 61. Kg2 Rb1 62. Kf3 g5 63. Rb7 Rb4 64. b6 g4+ 65. Kf2 Rb2+ 66. Kg1 Kg6 67. Re7 Rxb6 68. Re2 Kf5 69. Kg2 Rb3 70. Kh1 Re3 71. Rc2 Rh3 72. Kg1 Ke4 73. Re2+ Kf3 74. Rf2+ Ke3 75. Ra2 Bxh2+ 76. Kg2 Bd6 77. Ra5 Rh2+ 78. Kg1 Rd2 79. Rb5 Bf4 80. Rb3+ Ke4 81. Kf1 g3 82. Ke1 Ra2 0-1

[Event "Titled Tuesday intern op 20th Aug Late"]
[Site "Chess.com INT"]
[Date "2024.08.20"]
[Round "1"]
[White "Dudin, Gleb"]
[Black "Tang, Zoey"]
[Result "1-0"]
[WhiteElo "2534"]
[BlackElo "2212"]
[PlyCount "55"]
[EventDate "2024.08.20"]
[EventType "swiss (blitz)"]
[EventRounds "11"]
[EventCountry "USA"]
[SourceTitle "EXT 2025"]
[Source "ChessBase"]
[SourceDate "2024.10.14"]
[SourceVersion "1"]
[SourceVersionDate "2024.10.14"]
[SourceQuality "1"]

1. c4 e5 2. Nc3 Nf6 3. a3 d5 4. cxd5 Nxd5 5. e4 Nf4 6. Nf3 Nc6 7. d4 exd4 8. Bxf4 dxc3 9. Qxd8+ Nxd8 10. bxc3 Ne6 11. Bg3 Bc5 12. Bc4 0-0 13. 0-0 c6 14. Rfd1 Rd8 15. a4 Bd7 16. Nd4 Bxd4 17. cxd4 b5 18. Bf1 b4 19. a5 c5 20. dxc5 Nxc5 21. f3 Be6 22. a6 Rxd1 23. Rxd1 b3 24. Bf2 Na4 25. Rd4 Nc3 26. Rb4 Rd8 27. h4 Rd2 28. Rb8+ 1-0

[Event "Titled Tuesday intern op 20th Aug Late"]
[Site "Chess.com INT"]
[Date "2024.08.20"]
[Round "3"]
[White "Onslow, Alfie"]
[Black "Tang, Zoey"]
[Result "1-0"]
[WhiteElo "2166"]
[BlackElo "2212"]
[PlyCount "109"]
[EventDate "2024.08.20"]
[EventType "swiss (blitz)"]
[EventRounds "11"]
[EventCountry "USA"]
[SourceTitle "EXT 2025"]
[Source "ChessBase"]
[SourceDate "2024.10.14"]
[SourceVersion "1"]
[SourceVersionDate "2024.10.14"]
[SourceQuality "1"]

1. e4 c5 2. Nc3 d6 3. d4 cxd4 4. Qxd4 Nf6 5. b3 Nc6 6. Qd2 g6 7. Bb2 Bg7 8. 0-0-0 Be6 9. f3 Qd7 10. Kb1 0-0-0 11. Nge2 h5 12. Nd5 Ne5 13. Nxf6 Bxf6 14. Nd4 Kb8 15. Nxe6 Qxe6 16. c4 h4 17. Be2 Rc8 18. Qd5 Qxd5 19. cxd5 Nd7 20. Rc1 Bxb2 21. Kxb2 Nf6 22. Rxc8+ Rxc8 23. Rc1 Nh5 24. Rxc8+ Kxc8 25. Kc3 e5 26. dxe6 fxe6 27. Kd4 Kd7 28. b4 a6 29. a4 Ke7 30. Ke3 g5 31. Bc4 Nf4 32. Kf2 Kf6 33. g3 hxg3+ 34. hxg3 Ng6 35. Ke3 Ke5 36. Bd3 Ne7 37. f4+ gxf4+ 38. gxf4+ Kf6 39. Kd4 Nc6+ 40. Kc4 d5+ 41. exd5 exd5+ 42. Kc5 d4 43. Be4 Ne7 44. Kxd4 b6 45. Bb7 a5 46. bxa5 bxa5 47. Be4 Ke6 48. Kc5 Kd7 49. Kb5 Kd6 50. Kxa5 Kc5 51. f5 Nc8 52. f6 Nd6 53. Bg6 Kc6 54. f7 Nxf7 55. Bxf7 1-0